Los principios del laicismo y los derechos humanos : (Record no. 185876)
[ view plain ]
| 000 -CABECERA | |
|---|---|
| campo de control de longitud fija | 01185nab a2200229 a 4500 |
| 005 - FECHA Y HORA DE LA ÚLTIMA TRANSACCIÓN | |
| campo de control | 20210223133103.0 |
| 008 - ELEMENTOS DE LONGITUD FIJA--INFORMACIÓN GENERAL | |
| campo de control de longitud fija | 991125s1985 mx 000 0 spa u |
| 035 ## - NÚMERO DE CONTROL DEL SISTEMA | |
| Número de control de sistema | UPN01000213776 |
| 049 ## - COLECCIÓN | |
| Colección | ART |
| 100 1# - ASIENTO PRINCIPAL--NOMBRE PERSONAL | |
| Nombre de persona | Beller Taboada, Walterio Francisco, |
| Fechas asociadas al nombre | 1952- |
| 9 (RLIN) | 41484 |
| 222 #0 - TÍTULO CLAVE | |
| Título clave | REENCUENTRO : ANALISIS DE PROBLEMAS UNIVERSITARIOS |
| 245 00 - MENCIÓN DE TÍTULO | |
| Título | Los principios del laicismo y los derechos humanos : |
| Resto del título | hacia una fundamentación discursiva |
| 260 ## - PUBLICACIÓN, DISTRIBUCIÓN, ETC. | |
| Lugar de publicación, distribución, etc. | México |
| 300 ## - DESCRIPCIÓN FÍSICA | |
| Extensión | 70-83 |
| 362 0# - FECHAS DE PUBLICACIÓN Y/O DESIGNACIÓN SECUENCIAL | |
| Fecha de publicación y/o designación secuencial | 2015 Año 26, número 70, julio-diciembre |
| 520 3# - NOTA DE RESUMEN, ETC. | |
| Sumario, etc. | La enseñanza de los Derechos Humanos constituye un campo de formación para que las y los estudiantes construyan para sí mismos una posición ciudadana. En este artículo se analiza la laicidad y la fundamentación de la teoría y práctica de una ética de mínimos, partiendo de la formulación de un discurso argumentado en lugar recurrir a posiciones que no resultan adecuadas en una sociedad pluralista y democrática |
| 653 0# - TERMINO DE INDIZACION - NO CONTROLADO | |
| Término no controlado | LAICIDAD |
| 653 0# - TERMINO DE INDIZACION - NO CONTROLADO | |
| Término no controlado | DERECHOS HUMANOS |
| 653 0# - TERMINO DE INDIZACION - NO CONTROLADO | |
| Término no controlado | DEMOCRACIA |
| 856 4# - LOCALIZACIÓN Y ACCESO ELECTRÓNICOS | |
| Identificador Uniforme del Recurso | <a href="http://148.206.107.15:8080/reencuentro/ojs/index.php/reencuentro/article/view/47/33">http://148.206.107.15:8080/reencuentro/ojs/index.php/reencuentro/article/view/47/33</a> |
| 905 ## - TIPO DE MATERIAL | |
| Tipo de material | Articulo |
No items available.
